| 000 | 00920nam a2200289 i 4500 | ||
|---|---|---|---|
| 999 |
_c200445773 _d63985 |
||
| 003 | TR-AnTOB | ||
| 005 | 20230314143057.0 | ||
| 007 | ta | ||
| 008 | 211209s1998 nyu 00| 0 eng d | ||
| 040 |
_aTR-AnTOB _beng _erda _cTR-AnTOB |
||
| 041 | 0 | _aeng | |
| 050 | 1 | 4 |
_aHD9000.1 _b.I58 1998 |
| 090 |
_aHD9000.1 _b.I58 1998 |
||
| 245 | 0 | 0 | _aInternational market access information horticulture sector. |
| 264 | 1 |
_aNew York : _bUnited Nations ; _aGeneva : _bSGS, _c1998. |
|
| 300 |
_a202 pages ; _c30 cm |
||
| 336 |
_2rdacontent _atext _btxt |
||
| 337 |
_2rdamedia _aunmediated _bn |
||
| 338 |
_2rdacarrier _avolume _bnc |
||
| 500 | _aIncludes index. | ||
| 650 | 0 |
_aHorticultural products industry _9140193 |
|
| 710 | 2 |
_aUnited Nations Conference on Trade and Development _933443 |
|
| 710 | 2 |
_aSociété générale de surveillance _9140194 |
|
| 942 |
_2lcc _cBK |
||